Alkaline Earth Metals - Statistics

General Stats
  • This quiz has been taken 71 times
  • The average score is 6 of 6
Answer Stats
Symbol Element % Correct
Ca Calcium
98%
Mg Magnesium
98%
Be Beryllium
96%
Ba Barium
90%
Ra Radium
88%
Sr Strontium
85%
No matching quizzes found
Score Distribution
Percent of People with Each Score
Percentile by Number Answered
Your Score History
You have not taken this quiz